Quizzes
Events
Quiz Creation
Community
Videos
Private Events
Remove Ads
Sign In
Join for FREE
Feedback
Dark Mode
Quiz Categories
Sports
Geography
Music
Movies
Television
Just For Fun
Miscellaneous
History
Literature
Language
Science
Gaming
Entertainment
Religion
Holiday
For Kids
Quiz Lab
Recent
Popular Today
Quiz Kudos Today
Editor Picks
Curator Picks
Quizzes by...
Day
Popularity
Type
Ratings
Length
Year
Community
Subscriptions
Recent Discussions
Orange Saloon
Badges
Playlists
Quests
Create
Leaderboards
Showdown
Live 5
Trivia Bingo
Activity
Puzzle Library
Sporcle Events
Private Events
Virtual Trivia
Globe League
Become a Host
Pub Owners
SporcleCon
Opinionation
Our Games
Videos
Blog
Mobile Apps
Partnerships
Remove Ads and Go Orange
Feedback
Just For Fun
Clickable
Get the Picture
Humor
Quick Pick
Word Ladder
Missing Word
Mixed Word
Blitz
Minefield
This or That
Alphabet
Color
Typing
Sporcle
Puzzle
Word Play
Follow That Line
Logic
Just For Fun
Clickable
Get the Picture
Humor
Quick Pick
Word Ladder
Missing Word
Mixed Word
Blitz
Minefield
This or That
Alphabet
Color
Typing
Sporcle
Puzzle
Word Play
Follow That Line
Logic
Random Quiz
Search Sporcle
×
Quiz Lab
Quiz Lab
Just For Fun
Food
Type in answers that appear in a list
Type in answers that appear in a list
Classic
Best Score? Go Orange.
Stuff at Highlands Pool Concession Stand Stats
Can you name the Stuff at Highlands Pool Concession Stand?
By
asdfjkl1234
4m
34 Questions
85 Plays
85 Plays
85 Plays
Comments
Comments
Give Quiz Kudos
Give Quiz Kudos
-
- Ratings
hide this ad
Replay
Link that replays current quiz
Next Quiz
Link to next quiz in quiz playlist
You Got
0%
They Got
Avg Score
43%
Avg Friend Score
Upgrade to see
Score Distribution
Jump to the score distribution portion of the page
Score
0/34
Timer
04:00
0
Plays Today
Price
Food
% Correct
$1.75
Hot Dog
89.4%
$0.50
Candy
80%
$0.25
Cup of Ice
74.1%
$2
Nachos
70.6%
$2.25
Pizza
68.2%
$1.50
Pretzel
65.9%
$1
Small Drink
64.7%
$1
Small Popcorn
62.4%
$1
Slushie
61.2%
$1.50
Large Drink
61.2%
$1.50
Large Popcorn
56.5%
$0.50
Extra Cheese
52.9%
$1
Sour Punch Straws
52.9%
$3
Itti Bitz
51.8%
$1.50
Bomb Pop
49.4%
$2.50
Cotton Candy
48.2%
$1.50
Push-Up
36.5%
Price
Food
% Correct
$1
Granola Bar
35.3%
$1.50
All Sport
35.3%
$1.25
Bottled Water
31.8%
$0.50
Air Head
23.5%
$0.75
Cow Tales
21.2%
$2.25
Chili Dog
21.2%
$0.75
Firecracker Jr
20%
$4.50
Pizza Meal
20%
$3.50
Hot Dog Meal
20%
$1.25
Air Head Pop
18.8%
$3.75
Chili Dog Meal
18.8%
$0.50
Extra Chili
17.6%
$2.50
Nachos Supreme
16.5%
$2.50
Walking Taco
16.5%
$1.50
Fat Frog
16.5%
$3
Choco Taco
15.3%
$2
Ice Cream Sandwich
14.1%
Quiz Playlist
Details
Report
Send in Message
Add To Playlist
Classic:
Type in answers that appear in a list
Last Updated: Feb 16, 2017
Quiz Scoreboard
CHALLENGE
Sign Up to Join the Scoreboard
Show All
Scores
Hide
Comments
May contain spoilers
Recently Published
Movies - When Are They Set?
by FPL_Elf
Movies
5m
Popular People in 1961
by mucciniale
History
6m
1-10 Letter E Words III
by El_Dandy
Language
2m
More to Explore
Quiz From the Vault
Featured Blog Post
Where Did the Easter Bunny Come From?
hide this ad
You Might Also Like...
Tags
Food Quiz
highland
pool
price
stand
stuff
Today's Top Quizzes in Just For Fun
Browse Just For Fun
hide this ad
Today's Top Quizzes in Food
Browse Food
Top Contributed Quizzes in Just For Fun
1
Crossword Whiteout! 49
2
Harry Potter Logic - 'In Chains' II
3
Survivor Winners Logic Puzzle
4
Zeroing In: Just For Fun
5
Thermometer Puzzle 25
6
Word Ladder: Ahoy Matey
7
1-30 Clickable Mines
8
Aquarium Logic Puzzle 17
9
Big Thermometer Puzzle 21
10
Edinburgh Fringe jokes 2015
Explore More
Trending Topics
NBA
Kpop
Harry Potter
Anime
Crossword
Marvel
Disney
Song
Puzzle
Pokémon
The Office
Soccer
WWE
Country
NFL
hide this ad
More By:
asdfjkl1234
Quiz
Plays
Rating
Category
Featured
Created
Carnegie Mellon University Trivia
283
3.00
Just For Fun
Nov 6, 2010
Colleges of Carnegie Mellon University
135
Just For Fun
Nov 6, 2010
Stuff at Highlands Pool Concession Stand
85
5.00
Just For Fun
Jul 16, 2010
Powerful Physiology Practice Princess Pink Pony Pumpkin
32
Just For Fun
Oct 17, 2011
Go to Creator's Profile
Score Distribution
Quiz Creator Spotlight
asdfjkl1234
Follow
Send a Message
Quizzes Created
-
Created Quiz Play Count
-
More By This Creator
Popular Quizzes Today
1
Find the Countries of Europe - No Outlines Minefield
2
Find the US States - No Outlines Minefield
3
The Countries of the World
4
Popular People in 1961
5
US States
6
1-10 Letter E Words III
7
Find the US States
8
One Thing in Common: World Cities II
More Just For Fun Quizzes
Get the Picture: Mythological Creature by Continent II
Published
Trending Quizzes
Risky Map Clicking: Least Populous States A-Z
1-10 Letter F Words
1-10 Letter G Words
One Thing in Common: United Kingdom
Risky Map Clicking: Next State Alphabetically
Recently Updated
Leaping Animals
pecheneg
Reality TV Shows (A-Z)
bhenderson79
Rickey Henderson's Hall of Fame Teammates
pecheneg
Champions League XIs: Arsenal
pecheneg
Quick Pick: Celebrities in WWE's Hall of Fame
aduchscher
A-Z Keypad Blitz II
pecheneg
Multiple Oscar Actors
pecheneg
Mystery Phrase Blitz: Oscar 'Best Actors'
pecheneg
F. Scott Fitzgerald Novels
LTH
Pick 3 Villains
ddd62291
Trending Topics
Marvel
Kpop
Disney
Anime
Harry Potter
Crossword
NBA
Country
NFL
WWE
Pokémon
Song
Puzzle
The Office
Soccer
Your Account Isn't Verified!
In order to create a playlist on Sporcle, you need to verify the email address you used during registration. Go to your
Sporcle Settings
to finish the process.
Report this User
Report this user for behavior that violates our
Community Guidelines
.
Details:
Send Report
Go to the Sporcle.com Mobile Site →
Comments